Soluciones del nombre en la psicosis /
Kaydedildi:
| Yazar: | |
|---|---|
| Materyal Türü: | Metin |
| Konular: | |
| Etiketler: |
Etiketle
Etiket eklenmemiş, İlk siz ekleyin!
|
MARC
| LEADER | 00000 a a2200000 04500 | ||
|---|---|---|---|
| 001 | 8741 | ||
| 003 | |||
| 040 | |||
| 100 | |a Chacón Echeverría, Laura | ||
| 245 | |a Soluciones del nombre en la psicosis / |c Laura Chacón Echeverría | ||
| 650 | |a PSICOANALISIS | ||
| 773 | |g número 12; páginas 109-151 | ||
| 999 | |c 21640 |d 21640 | ||
